The human resourses revolution : Communicate or litigate

Đã lưu trong:
Sonraí Bibleagrafaíochta
Príomhúdar: Deutsch, Arnold
Formáid: Leabhar
Teanga:Undetermined
Foilsithe: New York McGraw-Hill Book Company 1979
Ábhair:
Clibeanna: Cuir Clib Leis
Gan Chlibeanna, Bí ar an gcéad duine leis an taifead seo a chlibeáil!
Thư viện lưu trữ: Trung tâm Học liệu Trường Đại học Cần Thơ
LEADER 00533nam a2200193Ia 4500
001 CTU_78422
008 210402s9999 xx 000 0 und d
082 |a 658.3 
082 |b D485 
100 |a Deutsch, Arnold 
245 4 |a The human resourses revolution : 
245 0 |b Communicate or litigate 
245 0 |c Arnold Deutsch 
260 |a New York 
260 |b McGraw-Hill Book Company 
260 |c 1979 
650 |a Personnel management 
650 |z United States 
980 |a Trung tâm Học liệu Trường Đại học Cần Thơ